| 000 | nam a22 a 4500 | ||
|---|---|---|---|
| 999 |
_c1461 _d1461 |
||
| 003 | AKMAL | ||
| 005 | 20170509154836.0 | ||
| 008 | 170509s2000 my 00 eng d | ||
| 020 | _a9679787281 (pbk.) | ||
| 039 | 9 |
_a200710011250 _bpmmalaysiana |
|
| 040 |
_aAKMAL _cAKMAL |
||
| 043 | _aa-ja--- | ||
| 049 | 0 | 0 | _aklpmal |
| 082 | 0 | 4 |
_a306.0952 VOG _221 |
| 090 | 0 | 0 |
_a306.0952 _bVOG |
| 090 | 2 | 0 |
_a306.0952 _bVOG |
| 100 | 1 |
_aVogel, Ezra F. _92893 |
|
| 245 | 1 | 0 |
_aIs Japan still number one? / _cEzra F. Vogel |
| 260 |
_aSubang Jaya : _bPelanduk Publications, _c2000 |
||
| 300 | 0 | 0 |
_a141m. ; _c22cm |
| 500 | _aIncludes index | ||
| 651 | 0 |
_aJapan _xSocial conditions _y1945- _92894 |
|
| 651 | 0 |
_aJapan _xEconomic conditions _y1945- _92895 |
|
| 651 | 0 |
_aJapan _xPolitics and government _y1945- _92896 |
|
| 942 |
_2ddc _cBOOK |
||